Deutsch mit grips 2 (Record no. 59963)
[ view plain ]
| 000 -LÍDER | |
|---|---|
| campo de controle de tamanho fixo | 00375 a2200157 4500 |
| 001 - NÚMERO DE CONTROLE | |
| campo de controle | 59963 |
| 020 ## - ISBN - INTERNATIONAL STANDARD BOOK NUMBER | |
| ISBN - International Standard Book Number | 3126755895 |
| 040 ## - FONTE DA CATALOGAÇÃO | |
| Instituição que transcreveu o registro | Anchieta - Pituba |
| 100 ## - ENTRADA PRINCIPAL--NOME PESSOAL | |
| Nome pessoal | Einhorn, Àgnes |
| 240 10 - TÍTULO UNIFORME | |
| Título uniforme | Deutsch mit grips 2 |
| Idioma da obra | deu / ger |
| 245 10 - TÍTULO | |
| Título | Deutsch mit grips 2 |
| 300 ## - DESCRIÇÃO FÍSICA | |
| Extensão | 192 |
| 362 0# - DATAS DE PUBLICAÇÃO E/OU DESIGNAÇÃO SEQUENCIAL | |
| Datas de publicação e/ou designação sequencial | 2003 |
| 650 #4 - ASSUNTO--TERMO TÓPICO | |
| Cabeçalho tópico ou nome geográfico | Línguas germânicas (teutônicas) língua alemã |
| 942 ## - ELEMENTOS DE ENTRADA ADICIONADOS (KOHA) | |
| Tipo de material Koha | Livros |
| Situação do descarte | Situação das perdas | Situação física | Não pode ser emprestado | Biblioteca de origem | Biblioteca atual | Data de aquisição | Total de empréstimos | Código de barras | Data de último acesso | Data do preço efetivo | Tipo de material Koha | Número de chamada completo |
|---|---|---|---|---|---|---|---|---|---|---|---|---|
| Colégio Anchieta - Pituba | Colégio Anchieta - Pituba | 21/11/2023 | 11457/PIT | 21/11/2023 | 21/11/2023 | Livros | ||||||
| Colégio Anchieta - Pituba | Colégio Anchieta - Pituba | 21/11/2023 | 22895/PIT | 21/11/2023 | 21/11/2023 | Livros | 430 D486d DEU |